000 00418nam a22001697a 4500
003 SGT
020 _a9780769301655
082 _a618.928
_bC03V
100 _aVELLEMAN, SHELLEY
245 _aCHILDHOOD APRAXIA OF SPEECH RESOURCE GUIDE
250 _a1ST
260 _aAUSTRALIA
_bTHOMSON PUB
_c2003
300 _a132
650 _aAUDIOLOGY
653 _aCHILDHOOD APRAXIA OF SPEECH RESOURCE GUIDE
942 _2ddc
_cBK
999 _c27007
_d27007